000
00300nam a2200121Ia 4500
008
190722s9999 xx 000 0 und d
020
_a
978-93-325-5521-1
100
_a
Carol Harvey
245
0
_a
Understanding and Managing Diversity
260
_a
India
_b
Pearson
_c
2015
300
_a
400
942
_c
BK
999
_c
771
_d
771